[Event "M17"]
[Site "Vinkovci"]
[Date "2017.07.24"]
[Round "1.1"]
[White "Tomulic, Teo"]
[Black "Zivkovic, Zvonimir"]
[Result "1-0"]
[WhiteElo "2319"]
[BlackElo "1683"]
[PlyCount "65"]
[EventDate "2017.07.24"]

1. e4 e6 2. d4 c6 3. c4 d5 4. Nc3 Bb4 5. cxd5 exd5 6. e5 Ne7 7. Nf3 h6 8. Bd3
Bg4 9. O-O Nd7 10. h3 Bh5 11. g4 Bg6 12. Ne2 Qc7 13. Nf4 Nf8 14. a3 Ba5 15.
Nxg6 Nexg6 16. b4 Bb6 17. a4 a6 18. Be3 Ne6 19. Qd2 O-O 20. Bc2 Qe7 21. Qd3 f5
22. gxf5 Ngf4 23. Qd2 Ng5 24. Nh2 Ngxh3+ 25. Kh1 Qh4 26. Rg1 g5 27. Rg4 Qh5 28.
Bxf4 Nxf4 29. Qxf4 Kf7 30. Qe3 Rac8 31. f6 Bc7 32. Rg3 Rce8 33. Rh3 1-0

[Event "M17"]
[Site "Vinkovci"]
[Date "2017.07.24"]
[Round "1.2"]
[White "Drempetic, Mario"]
[Black "Muha, Miljenko"]
[Result "0-1"]
[WhiteElo "1665"]
[BlackElo "2256"]
[PlyCount "36"]
[EventDate "2017.07.24"]

1. d4 Nf6 2. c4 g6 3. Nc3 Bg7 4. e4 O-O 5. Nge2 d6 6. Ng3 e5 7. d5 a5 8. Be2
Na6 9. Bg5 h6 10. Be3 c6 11. O-O cxd5 12. cxd5 h5 13. h4 Nh7 14. Qd2 Qxh4 15.
Bb6 Bg4 16. Bxa5 Bxe2 17. Qxe2 Nf6 18. Qe1 Ng4 0-1

[Event "M17"]
[Site "Vinkovci"]
[Date "2017.07.24"]
[Round "1.3"]
[White "Ghersinich, Enrico"]
[Black "Petrovic, David"]
[Result "1-0"]
[WhiteElo "2165"]
[BlackElo "1614"]
[PlyCount "57"]
[EventDate "2017.07.24"]

1. e4 e5 2. Nf3 Nc6 3. d4 exd4 4. Nxd4 Bc5 5. Nb3 Bb6 6. Nc3 Qf6 7. Qe2 Nge7 8.
Be3 d6 9. O-O-O Be6 10. Nd5 Bxd5 11. exd5 Ne5 12. h3 O-O 13. g4 Rfe8 14. Bg2
N7g6 15. g5 Bxe3+ 16. Qxe3 Qf4 17. Rd4 Nd3+ 18. cxd3 Rxe3 19. Rxf4 Nxf4 20.
fxe3 Nxg2 21. e4 Rf8 22. Nd4 c5 23. Nf5 Rd8 24. Rf1 Kf8 25. Rf2 g6 26. Nh6 Nh4
27. Kd2 Rd7 28. Rf4 f6 29. Rxf6+ 1-0

[Event "M17"]
[Site "Vinkovci"]
[Date "2017.07.24"]
[Round "1.4"]
[White "Borzan, Matej"]
[Black "Radenic, Filip"]
[Result "0-1"]
[WhiteElo "1559"]
[BlackElo "2129"]
[PlyCount "58"]
[EventDate "2017.07.24"]

1. d4 Nf6 2. c4 g6 3. Nc3 d5 4. Bg5 Ne4 5. Nxe4 dxe4 6. e3 Bg7 7. Qa4+ Nd7 8.
c5 O-O 9. Bc4 h6 10. Bh4 c6 11. Qc2 Qa5+ 12. Kd1 g5 13. Bg3 Nf6 14. h3 Bf5 15.
Ne2 b5 16. Bb3 Rfd8 17. Be5 Nd7 18. Bxg7 Kxg7 19. Ng3 Bg6 20. Nxe4 e5 21. f3
exd4 22. exd4 Nf6 23. Qd3 Qb4 24. Ke2 Bxe4 25. fxe4 Rxd4 26. Qf3 Rxe4+ 27. Kd1
Rd8+ 28. Kc1 Qd2+ 29. Kb1 Re1+ 0-1

[Event "M17"]
[Site "Vinkovci"]
[Date "2017.07.24"]
[Round "1.5"]
[White "Cotic, Borna"]
[Black "Vukojevic, Toni"]
[Result "1-0"]
[WhiteElo "2087"]
[BlackElo "1559"]
[PlyCount "47"]
[EventDate "2017.07.24"]

1. e4 e5 2. Nf3 Nc6 3. Nc3 Nf6 4. d4 exd4 5. Nxd4 Be7 6. Be3 b6 7. Be2 Bb7 8.
Bf3 Ne5 9. Nf5 O-O 10. Qd4 Nxf3+ 11. gxf3 Bc5 12. Qd2 Be7 13. Rg1 Kh8 14. Rxg7
Ne8 15. Rg2 Nd6 16. Nh6 Bf6 17. O-O-O Bg7 18. Rdg1 Ne8 19. Bd4 f6 20. Nf5 Rg8
21. Nxg7 Rxg7 22. Rxg7 Nxg7 23. Qh6 Qf8 24. Bxf6 1-0

[Event "M17"]
[Site "Vinkovci"]
[Date "2017.07.24"]
[Round "1.6"]
[White "Damjanovic, Stjepan"]
[Black "Kukas, Oliver"]
[Result "0-1"]
[WhiteElo "1552"]
[BlackElo "2068"]
[PlyCount "86"]
[EventDate "2017.07.24"]

1. e4 c5 2. Nc3 d6 3. f4 Nc6 4. Nf3 g6 5. Bb5 Bd7 6. Bxc6 Bxc6 7. d3 Bg7 8. O-O
e6 9. Bd2 Ne7 10. Qe2 O-O 11. Rae1 b5 12. b3 a5 13. Nd1 b4 14. Ne3 a4 15. Nc4
axb3 16. axb3 Ra2 17. Be3 Bc3 18. Rc1 d5 19. Nce5 Qd6 20. Bd2 Bb2 21. Rb1 f6
22. Ng4 dxe4 23. dxe4 Qd7 24. Rfd1 Qb7 25. Re1 h5 26. Nf2 Qb5 27. Nd3 Ba3 28.
Bc1 Bxc1 29. Rbxc1 c4 30. bxc4 Qxc4 31. Nd2 Qd4+ 32. Qe3 Rd8 33. Nb3 Qc3 34.
Qc5 Rxd3 35. cxd3 Qb2 36. Rc2 Qxc2 37. Qxc2 Rxc2 38. Nd4 Rc3 39. Nxe6 Rxd3 40.
Rb1 Kf7 41. Nc5 Rc3 42. Na6 b3 43. Nb4 Bxe4 0-1

[Event "M17"]
[Site "Vinkovci"]
[Date "2017.07.24"]
[Round "1.7"]
[White "Simunic, Krunoslav"]
[Black "Rogulja, Marko"]
[Result "1-0"]
[WhiteElo "1993"]
[BlackElo "1537"]
[PlyCount "98"]
[EventDate "2017.07.24"]

1. d4 d5 2. c4 e6 3. Nc3 Nf6 4. Bg5 Be7 5. Nf3 c6 6. e3 Nbd7 7. Bd3 h6 8. Bh4
dxc4 9. Bxc4 Nd5 10. Bxe7 Qxe7 11. O-O O-O 12. Rc1 N7b6 13. Bd3 Bd7 14. Ne5 Be8
15. Qg4 Qg5 16. Qxg5 hxg5 17. Ne4 f6 18. Nf3 Bg6 19. Rfd1 Nb4 20. Nc5 Nxd3 21.
Nxd3 Rad8 22. Nc5 Kf7 23. Nxb7 Rd7 24. Na5 Na4 25. Nxc6 Rb7 26. b3 Nb2 27. Rd2
Nd3 28. Rc3 Rh8 29. Rcxd3 Bxd3 30. Rxd3 Rc8 31. Rc3 Rbc7 32. d5 e5 33. h3 Ke8
34. Nd2 e4 35. Nxe4 Rd7 36. d6 f5 37. Ne7 Rxc3 38. Nxc3 Rxd6 39. Nxf5 Rc6 40.
Ne4 Kf8 41. Nxg5 Rc1+ 42. Kh2 Rc2 43. a4 Rxf2 44. Nd4 Rf1 45. Kg3 Rc1 46. Kf4
Rf1+ 47. Ke5 Rg1 48. g4 Rg3 49. e4 Ke7 1-0

[Event "M17"]
[Site "Vinkovci"]
[Date "2017.07.24"]
[Round "1.8"]
[White "Zekic, Patrik"]
[Black "Novosel, Marko"]
[Result "0-1"]
[WhiteElo "1515"]
[BlackElo "1989"]
[PlyCount "76"]
[EventDate "2017.07.24"]

1. d4 Nf6 2. Nf3 g6 3. c4 Bg7 4. Nc3 d6 5. e4 O-O 6. Be2 e5 7. d5 a5 8. Bg5 Bd7
9. Qd2 Na6 10. O-O Qe8 11. Bxf6 Bxf6 12. Ne1 Nc5 13. Nd3 Nxd3 14. Bxd3 Bg7 15.
Rac1 f5 16. Nb5 fxe4 17. Bxe4 Bxb5 18. cxb5 Qxb5 19. Rxc7 Rf4 20. Bd3 Qb6 21.
Rc4 Rxc4 22. Bxc4 Rc8 23. b3 Qc5 24. a4 Rf8 25. g3 Qc7 26. Qe3 Qd7 27. Qb6 e4
28. Be2 Qe7 29. Bg4 Qe5 30. Be2 h5 31. Qxa5 Qb2 32. Bc4 Qd4 33. Qe1 Bh6 34. Kg2
e3 35. fxe3 Qe4+ 36. Kh3 g5 37. Rxf8+ Bxf8 38. Qf2 Be7 0-1

[Event "M17"]
[Site "Vinkovci"]
[Date "2017.07.24"]
[Round "1.9"]
[White "Mican, Mato"]
[Black "Saric, Vid"]
[Result "1-0"]
[WhiteElo "1952"]
[BlackElo "1509"]
[PlyCount "67"]
[EventDate "2017.07.24"]

1. e4 e6 2. d4 d5 3. e5 c5 4. c3 cxd4 5. cxd4 Bb4+ 6. Bd2 Bxd2+ 7. Qxd2 Ne7 8.
Nf3 O-O 9. Bd3 h6 10. Nc3 Bd7 11. O-O a6 12. Ne2 Nbc6 13. Ng3 b5 14. Nh5 Kh8
15. g4 Ng8 16. Kh1 g6 17. Nf4 Kg7 18. Rac1 Nge7 19. Rg1 Qb6 20. Nh5+ gxh5 21.
gxh5+ Ng6 22. Bxg6 fxg6 23. Rxg6+ Kf7 24. Qxh6 Ke7 25. Qg5+ Ke8 26. Rxc6 Qxc6
27. Rg7 Rf7 28. Rg8+ Rf8 29. Qg6+ Kd8 30. Rxf8+ Kc7 31. Rxa8 Qxa8 32. h6 Qc6
33. h7 Qc1+ 34. Kg2 1-0

[Event "M17"]
[Site "Vinkovci"]
[Date "2017.07.25"]
[Round "2.1"]
[White "Dabic, Stjepan"]
[Black "Tomulic, Teo"]
[Result "0-1"]
[WhiteElo "1881"]
[BlackElo "2319"]
[PlyCount "70"]
[EventDate "2017.07.24"]

1. d4 Nf6 2. c4 e6 3. Nc3 d5 4. cxd5 exd5 5. Bg5 c6 6. e3 h6 7. Bh4 Bf5 8. Bd3
Bxd3 9. Qxd3 Nbd7 10. Nf3 Be7 11. O-O O-O 12. Rab1 a5 13. a4 Re8 14. Nd2 Nf8
15. f3 Ne6 16. Bf2 Bb4 17. Rfd1 Qd7 18. Re1 Rad8 19. Kh1 c5 20. g3 b6 21. Ra1
Ng5 22. g4 Ne6 23. Ne2 Ng5 24. Nc3 Re6 25. Kg2 Ree8 26. h3 cxd4 27. exd4 Bd6
28. Bh4 Ne6 29. Ne2 g5 30. Qf5 Nf4+ 31. Nxf4 Qxf5 32. gxf5 Bxf4 33. Rxe8+ Rxe8
34. Be1 Bxd2 35. Bxd2 Re2+ 0-1

[Event "M17"]
[Site "Vinkovci"]
[Date "2017.07.25"]
[Round "2.2"]
[White "Muha, Miljenko"]
[Black "Hajpek, Erik"]
[Result "1-0"]
[WhiteElo "2256"]
[BlackElo "1755"]
[PlyCount "51"]
[EventDate "2017.07.24"]

1. d4 Nf6 2. Nf3 g6 3. c4 Bg7 4. Nc3 d6 5. e4 O-O 6. Be2 Nbd7 7. O-O e5 8. Re1
Re8 9. Bf1 exd4 10. Nxd4 Nc5 11. f3 a6 12. Bg5 h6 13. Be3 g5 14. Rc1 g4 15. b4
Ne6 16. Nf5 gxf3 17. gxf3 Ng5 18. h4 Ngxe4 19. fxe4 Nxe4 20. Nxg7 Kxg7 21. Nxe4
Qxh4 22. Qd4+ Kf8 23. Qh8+ Ke7 24. Qf6+ Qxf6 25. Nxf6 Kxf6 26. Bg5+ 1-0

[Event "M17"]
[Site "Vinkovci"]
[Date "2017.07.25"]
[Round "2.3"]
[White "Kanizaj, Benjamin"]
[Black "Ghersinich, Enrico"]
[Result "1/2-1/2"]
[WhiteElo "1767"]
[BlackElo "2165"]
[PlyCount "116"]
[EventDate "2017.07.24"]

1. e4 c5 2. Nf3 d6 3. d4 cxd4 4. Nxd4 Nf6 5. Nc3 g6 6. Be3 Bg7 7. f3 O-O 8. Bc4
Nc6 9. Qd2 Bd7 10. O-O-O Rc8 11. Bb3 Nxd4 12. Bxd4 b5 13. Nd5 Nxd5 14. Bxg7
Kxg7 15. Bxd5 a5 16. h4 e6 17. h5 g5 18. Bb7 Rb8 19. Qc3+ f6 20. Bc6 b4 21. Qc4
Rc8 22. Rxd6 Qc7 23. h6+ Kf7 24. Rhd1 Rfd8 25. b3 Kg6 26. Rxd7 Rxd7 27. Rxd7
Qxc6 28. Qxc6 Rxc6 29. Ra7 Rc5 30. Ra6 Re5 31. Kd2 Kxh6 32. c4 bxc3+ 33. Kxc3
Kh5 34. g3 Kg6 35. Kd4 h5 36. f4 Rb5 37. Rxe6 Kf7 38. Rc6 h4 39. gxh4 gxh4 40.
f5 Kg7 41. Ke3 Rb4 42. Rc4 Kh6 43. Kf4 h3 44. Rc3 a4 45. Rxh3+ Kg7 46. Rc3 axb3
47. axb3 Kf7 48. Rc7+ Ke8 49. Rc6 Kf7 50. Rc3 Ke7 51. Rc7+ Kf8 52. Rc4 Rxb3 53.
e5 fxe5+ 54. Kxe5 Rb6 55. Rc7 Ra6 56. Kf4 Rb6 57. Kg5 Ra6 58. f6 Ra1 1/2-1/2

[Event "M17"]
[Site "Vinkovci"]
[Date "2017.07.25"]
[Round "2.4"]
[White "Radenic, Filip"]
[Black "Sculac, Zvonimir"]
[Result "1-0"]
[WhiteElo "2129"]
[BlackElo "1746"]
[PlyCount "79"]
[EventDate "2017.07.24"]

1. c4 e5 2. Nc3 Nc6 3. g3 f5 4. Bg2 Nf6 5. e3 Bb4 6. Nd5 Be7 7. Ne2 O-O 8. O-O
d6 9. a3 e4 10. d4 exd3 11. Qxd3 Ne5 12. Qc2 Nxd5 13. cxd5 a5 14. Bd2 a4 15.
Rac1 Nd7 16. Qxc7 Nc5 17. Qxd8 Bxd8 18. Nd4 Bf6 19. Bc3 Bd7 20. Rfd1 Rac8 21.
Bf1 Kf7 22. Nb5 Be7 23. Nd4 g6 24. h4 h6 25. f3 Rfe8 26. Kf2 Bf6 27. Nb5 Be7
28. Bd4 Nb3 29. Rxc8 Rxc8 30. Bc3 Rc5 31. Nd4 Nxd4 32. Rxd4 b5 33. Rd2 Bf6 34.
Bb4 Rc1 35. Bxd6 Rb1 36. e4 fxe4 37. fxe4 Rxb2 38. Rxb2 Bxb2 39. e5 Be8 40. Ke3
1-0

[Event "M17"]
[Site "Vinkovci"]
[Date "2017.07.25"]
[Round "2.5"]
[White "Salamon, Viktor"]
[Black "Cotic, Borna"]
[Result "1/2-1/2"]
[WhiteElo "1749"]
[BlackElo "2087"]
[PlyCount "176"]
[EventDate "2017.07.24"]

1. d4 d5 2. c4 e6 3. Nc3 Be7 4. cxd5 exd5 5. g3 Nf6 6. Bg2 c6 7. Nh3 Bf5 8. Nf4
O-O 9. O-O Nbd7 10. f3 Nb6 11. e4 dxe4 12. fxe4 Bg4 13. Qd3 Qd7 14. Be3 Rad8
15. a4 Be6 16. d5 cxd5 17. Bxb6 axb6 18. exd5 Bf5 19. Qd2 Bc5+ 20. Kh1 Rfe8 21.
Rfe1 Rxe1+ 22. Rxe1 Ng4 23. h3 Nf6 24. g4 Bg6 25. Nd3 Bxd3 26. Qxd3 Re8 27.
Rxe8+ Qxe8 28. Qe2 Qxe2 29. Nxe2 Ne8 30. Nc3 Kf8 31. Nb5 Ke7 32. d6+ Bxd6 33.
Bxb7 Nf6 34. Kg2 Nd7 35. Nxd6 Kxd6 36. b4 Ne5 37. Be4 h6 38. Kg3 g5 39. a5 bxa5
40. bxa5 Kc5 41. a6 Kb6 42. Bb7 Ng6 43. Bd5 Nf4 44. Bxf7 Kxa6 45. h4 Kb6 46.
hxg5 hxg5 47. Bh5 Kc5 48. Kf3 Kd4 49. Be8 Nd3 50. Bh5 Ne5+ 51. Kg3 Ke3 52. Be8
Nf3 53. Bc6 Nd4 54. Bd7 Ne2+ 55. Kh3 Kf2 56. Bc8 Kf3 57. Bb7+ Kf4 58. Bc8 Nc3
59. Bd7 Ne4 60. Kg2 Nf6 61. Bc8 Nxg4 62. Kg1 Ne3 63. Kf2 Nd5 64. Kg2 Ne7 65.
Bd7 Ng6 66. Bc8 Nh4+ 67. Kh3 Kf3 68. Bd7 Ng6 69. Bc6+ Kf4 70. Bd7 Ne5 71. Bc8
Kf3 72. Bb7+ Kf2 73. Bc8 Kf3 74. Bb7+ Kf4 75. Bc8 Nf7 76. Kg2 Nd6 77. Bd7 Nf5
78. Bc8 Nh6 79. Bd7 Ng4 80. Bc8 Ne3+ 81. Kf2 Ng4+ 82. Bxg4 Kxg4 83. Kg2 Kf4 84.
Kf2 g4 85. Kg2 g3 86. Kg1 Kf3 87. Kf1 g2+ 88. Kg1 Kg3 1/2-1/2

[Event "M17"]
[Site "Vinkovci"]
[Date "2017.07.25"]
[Round "2.6"]
[White "Kukas, Oliver"]
[Black "Jurakic, Lukas"]
[Result "1-0"]
[WhiteElo "2068"]
[BlackElo "1731"]
[PlyCount "89"]
[EventDate "2017.07.24"]

1. e4 c5 2. Nf3 e6 3. d4 cxd4 4. Nxd4 Nf6 5. Nc3 d6 6. Bg5 a6 7. Qf3 Be7 8.
O-O-O Qc7 9. g4 Nc6 10. h4 Ne5 11. Qg3 Nexg4 12. Be2 Ne5 13. f4 Nc4 14. h5 b5
15. h6 g6 16. Ndxb5 axb5 17. Nxb5 Qc6 18. Bxf6 Rxa2 19. Bxc4 Qxc4 20. Bxh8 Qxb5
21. Qd3 Qb4 22. Qc3 Qxc3 23. Bxc3 Bb7 24. Rhe1 Bf8 25. Bg7 Be7 26. Kb1 Ra4 27.
Rd4 Ra5 28. Rb4 Bc8 29. Re3 Kd7 30. Rbb3 f6 31. Ra3 Rb5 32. Reb3 Rc5 33. Ra7+
Kd8 34. Rb8 Rc4 35. b3 Rc5 36. b4 Rc4 37. b5 Rxe4 38. b6 Rxf4 39. b7 Rb4+ 40.
Kc1 Rxb7 41. Raxb7 g5 42. Rxc8+ Kxc8 43. Rxe7 e5 44. Bxf6 g4 45. Rxh7 1-0

[Event "M17"]
[Site "Vinkovci"]
[Date "2017.07.25"]
[Round "2.7"]
[White "Mazuran, Gabrijel"]
[Black "Simunic, Krunoslav"]
[Result "1-0"]
[WhiteElo "1741"]
[BlackElo "1993"]
[PlyCount "101"]
[EventDate "2017.07.24"]

1. d4 d5 2. c4 e6 3. Nc3 Nf6 4. Nf3 Be7 5. Bg5 h6 6. Bh4 O-O 7. e3 b6 8. Bd3
Bb7 9. O-O Nbd7 10. cxd5 Nxd5 11. Bxe7 Qxe7 12. e4 Nxc3 13. bxc3 c5 14. e5 Rfd8
15. Qe2 cxd4 16. cxd4 Qa3 17. Rfd1 Rac8 18. Be4 Bxe4 19. Qxe4 Rc7 20. d5 Nc5
21. Qh4 Rcd7 22. d6 f6 23. exf6 Rxd6 24. Rxd6 Rxd6 25. fxg7 Qb2 26. Re1 Qxg7
27. h3 Rd5 28. Qc4 Qf6 29. Re3 Rd1+ 30. Kh2 Rd5 31. Qg4+ Kh7 32. Qg3 Qg6 33.
Qc7+ Rd7 34. Qc6 Qf5 35. g4 Qf4+ 36. Kg2 Rf7 37. Qb5 e5 38. Qe2 e4 39. Nd4 Rd7
40. Nf5 Rd3 41. Rxd3 Nxd3 42. Ng3 Nc5 43. a3 a5 44. Qd1 Nd3 45. Qe2 Nc5 46. Qd1
a4 47. Nh5 Qf7 48. Qd6 Qf3+ 49. Kg1 Qb3 50. Qe7+ Kg6 51. Nf4# 1-0

[Event "M17"]
[Site "Vinkovci"]
[Date "2017.07.25"]
[Round "2.8"]
[White "Novosel, Marko"]
[Black "Borzan, Andrej"]
[Result "1-0"]
[WhiteElo "1989"]
[BlackElo "1690"]
[PlyCount "51"]
[EventDate "2017.07.24"]

1. e4 e5 2. Nf3 Nc6 3. d4 exd4 4. Bc4 d6 5. Nxd4 Nxd4 6. Qxd4 Qf6 7. Be3 Be6 8.
Nd2 Be7 9. Bxe6 fxe6 10. Qa4+ c6 11. O-O-O Nh6 12. f3 O-O 13. g4 Nf7 14. f4 b5
15. Qb3 a5 16. g5 Qg6 17. h4 a4 18. Qd3 Qh5 19. Qf1 b4 20. Qf2 b3 21. cxb3 axb3
22. a3 d5 23. Rhf1 c5 24. Qf3 Qxf3 25. Rxf3 Ne5 26. fxe5 1-0

[Event "M17"]
[Site "Vinkovci"]
[Date "2017.07.25"]
[Round "2.9"]
[White "Raguz, Frano"]
[Black "Mican, Mato"]
[Result "0-1"]
[WhiteElo "1499"]
[BlackElo "1952"]
[PlyCount "44"]
[EventDate "2017.07.24"]

1. e4 e5 2. Nf3 Nc6 3. Bc4 Bc5 4. b4 Bxb4 5. c3 Be7 6. O-O Nf6 7. Ng5 O-O 8.
Qb3 d5 9. exd5 Na5 10. Qa4 Nxc4 11. Qxc4 Nxd5 12. Nf3 f6 13. d4 e4 14. Nfd2 f5
15. Ba3 Be6 16. f3 Bxa3 17. Nxa3 Qg5 18. f4 Nxf4 19. Rf2 Bxc4 20. Naxc4 Nd3 21.
Re2 Nf4 22. Rf2 Nh3+ 0-1

[Event "M17"]
[Site "Vinkovci"]
[Date "2017.07.25"]
[Round "3.1"]
[White "Tomulic, Teo"]
[Black "Kukas, Oliver"]
[Result "1-0"]
[WhiteElo "2319"]
[BlackElo "2068"]
[PlyCount "63"]
[EventDate "2017.07.24"]

1. e4 c5 2. Nf3 d6 3. d4 cxd4 4. Nxd4 Nf6 5. Nc3 a6 6. Be2 e5 7. Nb3 Be6 8. f4
Qc7 9. g4 h6 10. g5 hxg5 11. fxg5 Nfd7 12. h4 Nc6 13. Be3 g6 14. Bg4 Nd8 15.
Qf3 b5 16. Rc1 Bxg4 17. Qxg4 Ne6 18. O-O Bg7 19. Nd5 Qd8 20. Rf2 Nc7 21. Rcf1
Rf8 22. Qd1 Rc8 23. Rd2 Rh8 24. Qf3 Rf8 25. Rfd1 Ne6 26. c3 Rh8 27. Rf1 Rf8 28.
Qg4 Nc7 29. Nb4 Ra8 30. Rxd6 a5 31. Nc6 Qc8 32. Rfd1 1-0

[Event "M17"]
[Site "Vinkovci"]
[Date "2017.07.25"]
[Round "3.2"]
[White "Novosel, Marko"]
[Black "Muha, Miljenko"]
[Result "0-1"]
[WhiteElo "1989"]
[BlackElo "2256"]
[PlyCount "88"]
[EventDate "2017.07.24"]

1. d4 Nf6 2. c4 g6 3. Nc3 Bg7 4. e4 O-O 5. Be2 d6 6. Nf3 Bg4 7. Be3 Nfd7 8. Qb3
Qc8 9. Nd5 Nc6 10. Nb4 Nxb4 11. Qxb4 c5 12. Qd2 Bxf3 13. gxf3 cxd4 14. Bxd4
Bxd4 15. Qxd4 Qc5 16. Qxc5 dxc5 17. O-O-O Rfd8 18. f4 Nf8 19. Bg4 e6 20. f5 e5
21. Kc2 f6 22. h4 Kf7 23. Kc3 Rd4 24. Rxd4 exd4+ 25. Kd3 a5 26. f4 Re8 27. Re1
Re7 28. e5 gxf5 29. Bxf5 Ng6 30. Bxg6+ hxg6 31. h5 gxh5 32. Ke4 fxe5 33. fxe5
Rd7 34. Kf5 Rd8 35. Rg1 d3 36. e6+ Ke7 37. Rg7+ Kd6 38. Rg3 d2 39. Rg1 Rf8+ 40.
Ke4 Kxe6 41. Rg6+ Rf6 42. Rg1 Rf2 43. Ke3 Rg2 44. Rf1 h4 0-1

[Event "M17"]
[Site "Vinkovci"]
[Date "2017.07.25"]
[Round "3.3"]
[White "Mican, Mato"]
[Black "Radenic, Filip"]
[Result "1/2-1/2"]
[WhiteElo "1952"]
[BlackElo "2129"]
[PlyCount "185"]
[EventDate "2017.07.24"]

1. e4 e6 2. d4 d5 3. e5 c5 4. c3 Nc6 5. Nf3 Qb6 6. Na3 cxd4 7. cxd4 Bb4+ 8. Bd2
Bxa3 9. bxa3 Nxd4 10. Qa4+ Nc6 11. Bb5 Bd7 12. Rb1 Nge7 13. O-O Qc7 14. Rfc1
O-O 15. Bb4 Qd8 16. Bd6 Re8 17. Nd4 h6 18. Bxc6 Nxc6 19. Rxb7 Nxe5 20. Qb3 Nc4
21. Bc5 Na5 22. Qb4 Nxb7 23. Qxb7 Qc8 24. Qb2 Qb8 25. Qd2 e5 26. Nb3 d4 27. f3
Bf5 28. Re1 Qc7 29. Qf2 Rac8 30. Qg3 Bc2 31. Bxd4 f6 32. Be3 Kh7 33. Nd2 f5 34.
Qh4 Qc3 35. Nf1 Qxa3 36. Bf2 Qxa2 37. Ng3 Qf7 38. Nh5 a5 39. g4 g5 40. Qh3 f4
41. Qf1 Bg6 42. Qa6 Bxh5 43. gxh5 Ra8 44. Qd3+ Kg8 45. Qb5 Qe6 46. Bd4 exd4 47.
Rxe6 Rxe6 48. Qd5 Raa6 49. Qxd4 a4 50. Qd8+ Kf7 51. Qd7+ Kf6 52. Qd4+ Ke7 53.
Qg7+ Kd6 54. Qf8+ Kc7 55. Qc5+ Kd7 56. Qd5+ Red6 57. Qb7+ Kd8 58. Qb8+ Ke7 59.
Qb7+ Kf6 60. Qh7 a3 61. Qxh6+ Kf7 62. Qh7+ Kf8 63. Qh8+ Ke7 64. Qe5+ Kd7 65.
Qb5+ Kc7 66. Qc5+ Rdc6 67. Qe7+ Kb8 68. Qf8+ Ka7 69. Qe7+ Ka8 70. Qf8+ Kb7 71.
Qe7+ Rc7 72. Qb4+ Ka8 73. Qe4+ Rb7 74. Qc4 Ra5 75. Qc3 Ra4 76. Qc6 Ra5 77. Qc3
Rbb5 78. Qc8+ Ka7 79. Qc7+ Ka6 80. Qc6+ Rb6 81. Qc4+ Kb7 82. Qe4+ Kc7 83. Qe7+
Kc6 84. Qe4+ Kb5 85. Qd5+ Ka4 86. Qc4+ Rb4 87. Qc2+ Kb5 88. Qf5+ Ka6 89. Qg6+
Ka7 90. Qg7+ Rb7 91. Qd4+ Rb6 92. Qd7+ Ka6 93. Qd3+ 1/2-1/2

[Event "M17"]
[Site "Vinkovci"]
[Date "2017.07.25"]
[Round "3.4"]
[White "Ghersinich, Enrico"]
[Black "Mazuran, Gabrijel"]
[Result "1-0"]
[WhiteElo "2165"]
[BlackElo "1741"]
[PlyCount "107"]
[EventDate "2017.07.24"]

1. e4 c5 2. Nf3 d6 3. Bb5+ Bd7 4. Bxd7+ Qxd7 5. O-O Nc6 6. c3 Nf6 7. d4 Nxe4 8.
d5 Ne5 9. Re1 Nxf3+ 10. Qxf3 Nf6 11. Bg5 Qg4 12. Qxg4 Nxg4 13. f4 Kd7 14. h3
Nf6 15. Bxf6 gxf6 16. Nd2 Bh6 17. g3 Rhg8 18. Kf2 f5 19. Rad1 Bg7 20. a4 b5 21.
axb5 Rgb8 22. Nc4 Rxb5 23. Ra1 a6 24. Re2 Bf6 25. Rd1 Rab8 26. Rdd2 a5 27. Ne3
a4 28. Nxf5 a3 29. bxa3 Rb3 30. Rd3 Rxa3 31. g4 Re8 32. Rd1 Bxc3 33. Re3 Ra2+
34. Kg3 Bb4 35. Nh6 e5 36. fxe5 Bd2 37. Rf3 Bxh6 38. Rxf7+ Re7 39. Rf6 Bg7 40.
e6+ Kd8 41. Rf3 c4 42. Rb1 Rb2 43. Rc1 c3 44. Kf4 Rb4+ 45. Kg3 Rb5 46. Rd3 Ra7
47. Kh4 Raa5 48. Rf3 Rxd5 49. Rf7 Bh6 50. Rxc3 Bg5+ 51. Kg3 Re5 52. Rd7+ Ke8
53. Rc8+ Bd8 54. Rcxd8# 1-0

[Event "M17"]
[Site "Vinkovci"]
[Date "2017.07.25"]
[Round "3.5"]
[White "Cotic, Borna"]
[Black "Kanizaj, Benjamin"]
[Result "0-1"]
[WhiteElo "2087"]
[BlackElo "1767"]
[PlyCount "94"]
[EventDate "2017.07.24"]

1. e4 c5 2. Nf3 d6 3. Bb5+ Bd7 4. Bxd7+ Qxd7 5. c4 Nc6 6. d4 cxd4 7. Nxd4 Nf6
8. Nc3 e6 9. Be3 Be7 10. O-O O-O 11. f3 a6 12. Rc1 Rac8 13. b3 Rfd8 14. Qd2
Nxd4 15. Bxd4 b5 16. cxb5 axb5 17. a4 bxa4 18. bxa4 Rc6 19. Nb5 e5 20. Bb2 Rdc8
21. Rxc6 Qxc6 22. Rc1 Qb6+ 23. Kf1 Ra8 24. Qd1 Qa6 25. Ba3 Ne8 26. Rc4 d5 27.
Rc3 d4 28. Rd3 Bxa3 29. Rxa3 Nd6 30. Rb3 Nc4 31. Qd3 Qxa4 32. Kf2 Qa2+ 33. Ke1
Qxg2 34. Na3 Qg1+ 35. Ke2 Qxh2+ 36. Ke1 Nxa3 37. Rxa3 Rxa3 38. Qxa3 Qg1+ 39.
Ke2 Qe3+ 40. Qxe3 dxe3 41. Kxe3 g5 42. Kf2 Kg7 43. Kg3 Kg6 44. Kg4 h5+ 45. Kh3
f5 46. Kg3 fxe4 47. fxe4 Kf6 0-1

[Event "M17"]
[Site "Vinkovci"]
[Date "2017.07.25"]
[Round "3.6"]
[White "Simunic, Krunoslav"]
[Black "Salamon, Viktor"]
[Result "1-0"]
[WhiteElo "1993"]
[BlackElo "1749"]
[PlyCount "97"]
[EventDate "2017.07.24"]

1. d4 d5 2. c4 c6 3. Nc3 Nf6 4. Bg5 Ne4 5. Nxe4 dxe4 6. Qd2 Bf5 7. e3 h6 8. Bh4
g5 9. Bg3 Bg7 10. Ne2 Bg6 11. h4 Nd7 12. Nc3 e5 13. d5 cxd5 14. cxd5 O-O 15.
Bc4 Rc8 16. Bb3 Nc5 17. Bc2 Nd3+ 18. Bxd3 exd3 19. hxg5 hxg5 20. e4 Qb6 21. f3
f5 22. Bf2 Qb4 23. a3 Qb3 24. O-O fxe4 25. fxe4 Rxc3 26. bxc3 Bxe4 27. Qxg5
Qxd5 28. Bxa7 Rd8 29. c4 Qd7 30. Be3 Bc6 31. Rf5 Rf8 32. Rxe5 Qd8 33. Re7 Rf7
34. Rxf7 Qxg5 35. Bxg5 Bxa1 36. Rf1 Bc3 37. Rd1 d2 38. Kf2 Ba4 39. Ke2 Kf7 40.
Bxd2 Bxd1+ 41. Kxd1 Bb2 42. Bb4 b6 43. Kc2 Bd4 44. Kd3 Bg1 45. Bc3 Bc5 46. a4
Ke6 47. Bd4 Kf5 48. Bxc5 bxc5 49. Kc3 1-0

[Event "M17"]
[Site "Vinkovci"]
[Date "2017.07.25"]
[Round "3.7"]
[White "Damjanovic, Stjepan"]
[Black "Saravanja, Matija"]
[Result "1-0"]
[WhiteElo "1552"]
[BlackElo "1923"]
[PlyCount "149"]
[EventDate "2017.07.24"]

1. e4 c5 2. Nc3 Nc6 3. f4 g6 4. Nf3 Bg7 5. Bb5 Nd4 6. O-O a6 7. Bc4 e6 8. a4 b6
9. d3 Ne7 10. Be3 O-O 11. Bxd4 cxd4 12. Ne2 d5 13. Bb3 dxe4 14. dxe4 d3 15.
Qxd3 Qxd3 16. cxd3 Bxb2 17. Rad1 Bb7 18. Rd2 Bg7 19. Rc1 Rac8 20. Rdc2 Rxc2 21.
Rxc2 Rc8 22. Rxc8+ Nxc8 23. Kf2 Nd6 24. Ke3 Kf8 25. Ng5 h6 26. Nf3 Ke7 27. g4
b5 28. e5 Nc8 29. axb5 axb5 30. Nfd4 Na7 31. Nc3 Ba6 32. Ne4 Ke8 33. Nd6+ Ke7
34. h4 g5 35. hxg5 hxg5 36. Ne4 gxf4+ 37. Kxf4 b4 38. Nc5 Bc8 39. Nc2 Nc6 40.
d4 f6 41. exf6+ Bxf6 42. d5 e5+ 43. Kf3 Nd4+ 44. Nxd4 exd4 45. Nd3 Kd6 46. Nxb4
Ke5 47. Nd3+ Kd6 48. Nf2 Bg7 49. Ke4 Ba6 50. g5 Bf1 51. Kf5 d3 52. Ne4+ Ke7 53.
d6+ Kd8 54. Ba4 Bb2 55. Nc5 Bh3+ 56. Ke4 Ba3 57. Nxd3 Bxd6 58. Kd5 Bf5 59. Kxd6
Bxd3 60. Bd7 Bg6 61. Ke6 Bc2 62. Bb5 Bh7 63. Kf7 Kc7 64. Kf6 Kd6 65. Be8 Bc2
66. Bg6 Ba4 67. Kf7 Ke5 68. Bb1 Bb3+ 69. Kf8 Kf4 70. g6 Kg5 71. g7 Kf6 72. Bh7
Bf7 73. Bg8 Bg6 74. Bb3 Bh7 75. Bc2 1-0

[Event "M17"]
[Site "Vinkovci"]
[Date "2017.07.25"]
[Round "3.8"]
[White "Zekic, Patrik"]
[Black "Dabic, Stjepan"]
[Result "0-1"]
[WhiteElo "1515"]
[BlackElo "1881"]
[PlyCount "80"]
[EventDate "2017.07.24"]

1. d4 Nf6 2. c4 g6 3. Nf3 Bg7 4. Nc3 O-O 5. e4 d6 6. Be2 e5 7. d5 a5 8. Bg5 Na6
9. O-O Qe8 10. Ne1 Nc5 11. f3 Bd7 12. Nd3 b6 13. Nf2 h6 14. Be3 Qe7 15. Rc1 Nh5
16. Qd2 Kh7 17. g4 Nf4 18. Nd3 g5 19. Bf2 Bf6 20. Nd1 h5 21. Ne3 hxg4 22. fxg4
Nxe4 23. Qe1 Kg7 24. Nf5+ Bxf5 25. gxf5 Nc5 26. Nxc5 bxc5 27. Rc3 Rh8 28. Rg3
Rh6 29. Kh1 Rah8 30. Bg1 Rh4 31. Bf3 R8h6 32. Qe3 Kh7 33. Rf2 Nh3 34. Rfg2 e4
35. Bg4 Bd4 36. f6 Qe5 37. Qd2 Nxg1 38. Rxg1 Rxh2+ 39. Qxh2 Rxh2+ 40. Kxh2
Bxg1+ 0-1

[Event "M17"]
[Site "Vinkovci"]
[Date "2017.07.25"]
[Round "3.9"]
[White "Saric, Vid"]
[Black "Hajpek, Erik"]
[Result "0-1"]
[WhiteElo "1509"]
[BlackElo "1755"]
[PlyCount "60"]
[EventDate "2017.07.24"]

1. d4 Nf6 2. Nf3 g6 3. c4 Bg7 4. Nc3 d6 5. Bg5 O-O 6. e4 c5 7. d5 Qa5 8. Qd2 a6
9. Be2 Bd7 10. O-O b5 11. Bxf6 Bxf6 12. Rfe1 b4 13. Nd1 Qc7 14. Rb1 Bg4 15. h3
Bxf3 16. Bxf3 Nd7 17. Qe2 a5 18. Ne3 a4 19. Bg4 Nb6 20. f4 Bd4 21. Kh1 Bxe3 22.
Qxe3 Nxc4 23. Qc1 Nb6 24. f5 Kg7 25. h4 c4 26. Rf1 Nd7 27. h5 Nf6 28. hxg6 hxg6
29. Bf3 Rh8+ 30. Kg1 Qb6+ 0-1